000 01044nam a2200265 c 4500
003 BLK
005 20190913121258.0
008 180911b bul|||||r ||||||| ||bul||
010 _a003756
040 _aBLK
041 _aRUS
080 _z89-8
100 1 _a
_eпърви автор
245 1 0 _aИЗБРАННЬIЕ произведения мыслителей стран Ближнего и Среднего востока IX-XIV вв.
246 _bИЗБРАННыЕ произведения мыслителей стран Ближнего и Среднего Востока IX-XIV вв.
260 _aМосква
_bИзд. социально-экон. лит.
_c1961
300 _a630 с
_c22 см
380 _a82
490 _aЧастна колекция - Академик Михаил Арнаудов
_gДарение - Основен фонд
655 _aЛитература
700 1 _aС. Грегорян
_eСостав.
700 1 _a А. Сагадеев
852 _aМА 1510
942 _cKNG
_n0
944 _aCR
_c1996
_kValK
999 _c344093
_d344093